LEADER 01262cam0-22004091i-450 001 990006787510403321 005 20220203162333.0 010 $a88-204-7869-2 035 $a000678751 035 $aFED01000678751 035 $a(Aleph)000678751FED01 035 $a000678751 100 $a20010426d1993----km-y0itay50------ba 101 0 $aita 102 $aIT 105 $ay-------001yy 200 1 $a<>telelavoro$eteorie e applicazioni$ela destrutturazione del tempo e dello spazio nel lavoro post-industriale$fa cura di Giovanna Scarpitti e Delia Zingarelli$gintroduzione di Domenico De Masi$gprefazione di Sergio Zoppi 210 $aMilano$cFrancoAngeli$dc1993 215 $a414 p.$d22 cm 225 1 $a<>società$v126 451 0$1001990000427710403321 610 0 $aTelelavoro 676 $a331.25$v19$zita 702 1$aScarpitti,$bGiovanna 702 1$aZingarelli,$bDelia 702 1$aDe Masi,$bDomenico$f<1938- > 702 1$aZoppi,$bSergio 801 0$aIT$bUNINA$gRICA$2UNIMARC 901 $aBK 912 $a990006787510403321 952 $aA-IV-53$bdip.1344$fDDRC 952 $aCOLLEZ. 147 (126)$b21954$fFSPBC 959 $aDDRC 959 $aFSPBC 996 $aTelelavoro$9227083 997 $aUNINA DB $aGEN01 LEADER 01330nas 2200481-a 450 001 996203730503316 005 20230222213018.0 011 $a1749-6268 035 $a(DE-599)ZDB2164595-4 035 $a(OCoLC)61311354 035 $a(CKB)111096343869002 035 $a(CONSER)--2021655032 035 $a(EXLCZ)99111096343869002 100 $a20050822a20049999 s-- - 101 0 $aeng 135 $aurun||||||||| 181 $ctxt$2rdacontent 182 $cc$2rdamedia 183 $acr$2rdacarrier 200 10$aArms & armour $ejournal of the Royal Armouries 210 $aLeeds $cManey Pub 300 $aRefereed/Peer-reviewed 300 $aPublished on behalf of the Trustees of the Armouries. 311 $a1741-6124 517 3 $aArms and armour 517 1 $aArms & armor 517 1 $aArms and armor 531 $aARMS & ARMOUR 606 $aArmor$vPeriodicals 606 $aWeapons$vPeriodicals 606 $aArmor$2fast$3(OCoLC)fst00814840 606 $aWeapons$2fast$3(OCoLC)fst01173008 608 $aPeriodicals.$2fast 615 0$aArmor 615 0$aWeapons 615 7$aArmor. 615 7$aWeapons. 676 $a623.405 712 02$aTrustees of the Royal Armouries. 906 $aJOURNAL 912 $a996203730503316 996 $aArms & armour$92093027 997 $aUNISA LEADER 01058nam a2200277 i 4500 001 991000660839707536 005 20020509173655.0 008 990421s1929 us ||| | eng 020 $a0674992571 035 $ab11391418-39ule_inst 035 $aPARLA212885$9ExL 040 $aDip.to Scienze dell'Antichità$bita 041 0 $aeng$agrc$hgrc 100 1 $aPlato$0292329 245 10$aTimaeus; Critias ; Cleitophon ; Menexenus ; Epistles /$cPlato ; with en english translation by R.G. Bury 260 $aCambridge, Mass. ; London :$bHarvard University Press,$c1929 (ristampa 1989) 300 $aVIII, 635 p. ;$c17 cm. 440 4$aThe Loeb classical library [Autori greci] ;$v234 500 $aTesto greco a fronte 700 1 $aBury, Robert Gregg 907 $a.b11391418$b02-04-14$c01-07-02 912 $a991000660839707536 945 $aLE007 LOEB Plato 09$g1$i2015000037800$lle007$o-$pE0.00$q-$rn$so $t0$u0$v0$w0$x0$y.i11576807$z01-07-02 996 $aClitophon$919164 997 $aUNISALENTO 998 $ale007$b01-01-99$cm$da $e-$feng$gus $h0$i1